书目信息 |
| 题名: |
管理学
|
|
| 作者: | 周三多 主编 | |
| 分册: | ||
| 出版信息: | 北京 高等教育出版社 2014.12 |
|
| 页数: | 322页 | |
| 开本: | 28cm | |
| 丛书名: | ||
| 单 册: | ||
| 中图分类: | C93 | |
| 科图分类: | ||
| 主题词: | 管理学 | |
| 电子资源: | ||
| ISBN: | 978-7-04-041112-6 | |
| 000 | 00547nam0 2200205 450 | |
| 001 | 2036361925 | |
| 005 | 20200921100733.30 | |
| 010 | @a978-7-04-041112-6@dCNY35.00 | |
| 100 | @a20200921d2014 km y0chiy0120 ea | |
| 101 | 0 | @achi |
| 102 | @aCN@b110000 | |
| 200 | 1 | @a管理学@Aguan li xue@f周三多主编@Fzhou san duo zhu bian |
| 205 | @a4版 | |
| 210 | @a北京@c高等教育出版社@d2014.12 | |
| 215 | @a322页@d28cm | |
| 606 | 0 | @a管理学 |
| 690 | @aC93@v4 | |
| 701 | 0 | @a周三多@Azhou san duo@4主编 |
| 801 | 0 | @aCN@bMUSE@c20200921 |
| 905 | @aMUSE@dC93@eZ7908=4 | |
| 管理学/周三多主编.-4版.-北京:高等教育出版社,2014.12 |
| 322页;28cm |
| ISBN 978-7-04-041112-6:CNY35.00 |
| ● |
| 相关链接 |
|
|
|
正题名:管理学
索取号:C93/Z7908=4
 
预约/预借
| 序号 | 登录号 | 条形码 | 馆藏地/架位号 | 状态 | 备注 |
| 1 | 1348126 | 213481267 | 社科库509/509社科库 64排1列5层/ [索取号:C93/Z7908=4] | 在馆 |